African cities by Images - Statistics

General Stats
  • This quiz has been taken 17 times
  • The average score is 8 of 16
Answer Stats
Picture Answer % Correct
Cape Town
100%
Cairo
94%
Casablanca
76%
Tunis
76%
Nairobi
65%
Luxor
59%
Marrakesh
53%
Rabat
53%
Tripoli
47%
Accra
35%
Pretoria
35%
Luanda
29%
Zanzibar
29%
Durban
24%
Lusaka
24%
Djenne
6%
No matching quizzes found
Score Distribution
Percent of People with Each Score
Percentile by Number Answered
Your Score History
You have not taken this quiz